[Event "Belgrade-chT Quality"]
[Site "Belgrade"]
[Date "2019.10.19"]
[Round "5.8"]
[White "Skenderija, Mladen"]
[Black "Milovanovic, Darko V"]
[Result "1-0"]
[WhiteElo "2062"]
[BlackElo "1320"]
[PlyCount "73"]
[EventDate "2019.10.05"]
[EventType "team-tourn"]
[EventRounds "11"]
[EventCountry "SRB"]
[SourceTitle "EXT 2022"]
[Source "ChessBase"]
[SourceDate "2021.10.06"]
[SourceVersion "1"]
[SourceVersionDate "2021.10.06"]
[SourceQuality "1"]
[WhiteTeam "Belgrade Politika"]
[BlackTeam "Borca"]
[WhiteTeamCountry "SRB"]
[BlackTeamCountry "SRB"]

1. Nf3 d5 2. g3 e6 3. Bg2 Nf6 4. 0-0 Nc6 5. d3 Bd6 6. Re1 Bd7 7. e4 dxe4 8. dxe4 e5 9. h3 Qe7 10. Nc3 0-0-0 11. Nd5 Nxd5 12. exd5 Nb8 13. Be3 e4 14. Nd2 a6 15. Nxe4 Bf5 16. Nxd6+ Qxd6 17. c4 Qd7 18. Kh2 Rhe8 19. Qb3 f6 20. Bd4 Bg6 21. a4 Bf7 22. Bc5 Rxe1 23. Rxe1 Re8 24. Be3 f5 25. Rc1 h6 26. h4 h5 27. Qc3 g6 28. Qb4 Rg8 29. Bf3 Be8 30. b3 Qd6 31. c5 Qf8 32. Bf4 Bf7 33. Bxc7 g5 34. hxg5 Rxg5 35. Qf4 Rg4 36. Bxg4 hxg4 37. Bxb8 1-0